000
nam a22 7a 4500
999
_c
52600
_d
52600
003
OSt
005
20220625122900.0
008
220625b xxu||||| |||| 00| 0 eng d
040
_c
IIMT UNIVERSITY
100
_a
KAUL, ASHA
245
_a
EFFECTIVE BUSINESS COMMUNICATION
260
_a
DELHI
_b
P. H.I.
_c
2009
300
_a
172
942
_2
ddc
_c
02